000 00512nam a2200157 a 4500
005 20140310183205.0
008 030423s19uu xx 00 eng d
050 _aQA 76.76.O63
_b.M626 1990
245 _aMicrosoft Windows :
_bUser's Guide for the Windows Graphical Environment /
_cMicrosoft Corporation.
260 _aUnited States :
_bMicrosoft Corp,
_c1990.
300 _a640 p. :
_bill. ;
_c24 cm.
521 _aIT
650 _aMicrosoft windows (computer program)
942 _cBK
_2lcc
_kFOR
999 _c19983
_d19983